000 00352 a2200157 4500
001 152820
040 _cEscola São Tomás de Aquino
100 _aFLORIAN, Mélaine
240 1 0 _aO silêncio de Júlia
_lpor
245 1 0 _aO silêncio de Júlia
300 _a29
362 0 _a2011
440 1 _aFTD
697 _a*LITERATURA INFANTO
942 _cBK
999 _c152820
_d152820